000 00387nam a2200157Ia 4500
008 230711s9999||||xx |||||||||||||| ||und||
041 _aENG
082 _a621
_bWI-E
100 _aE.Paul DeGarmo
245 0 _aEngineering economy
250 _a8th . . Ed.
260 _c1988
_aNew York
_bMacmillan USA
650 _aMechanical Engineering
700 _aSullivan, William G
942 _cBK
999 _c1253
_d1253